Fusin̤ de Sociedades

Detalles Bibliográficos
Autor principal: Přez Chavez, Još
Otros Autores: Campero Guerrero, Eladio
Formato: Desconocido
Lenguaje:español
Publicado: Mx̌ico : Tax Editores, 2009
Materias:
Acceso en línea:Acceso restringido

MARC

LEADER 00000ny a22000003n 4500
005 20110623124012.0
008 100324s mx 000 0 spa d
020 |a 9786074400465 
035 |a 4692 
040 |a BUS  |d vLex 
090 |c 1058  |d 1058 
100 1 |a Přez Chavez, Još 
245 1 0 |a Fusin̤ de Sociedades  |h [Recurso electrn̤ico]  |c Jos ̌Přez Chavez ; Eladio Campero Guerrero  
256 |a Servicio en ln̕ea 
260 |a Mx̌ico :  |b Tax Editores,  |c 2009 
300 |a v. 
506 1 |a Contenido solo disponible en los productos indicados  |d vLex Global  |d vLex Global (Academic Edition, excluding Law Schools)  |d vLex Global (U.S. Academic Edition, Law Schools)  |d vLex Global (U.S. Academic Edition, excluding Law Schools)  |d vLex Global (Academic Edition, Law Schools) 
650 0 4 |a Sociedades 
700 1 |a Campero Guerrero, Eladio 
740 0 |a vLex Libros (Servicios en ln̕ea) 
856 4 0 |u http://vlex.com/source/4692  |z Acceso restringido 
942 |c BOOK